000 01072njm a22002657a 4500
005 20100910122721.0
006 a|||||r|||||00| 0
007 sd ammalaaahaa
008 100910t xxu||||| |||| 00| 0 hin d
028 _aN. 74631
_bHis Master's Voice
035 _aGR-01767
040 _aSED/VEN
100 _91184
_aMangeshkar, Lata
245 _aAadmi part. 1 /
_cby Lata Mangeshkar ; music Naushad ; lyric Shakeel badayuni
246 _aआदमी (लता मंगेशकर)
260 _aDum Dum, India
_bHis Master's Voice
_cn. d.
300 _a1 sound disc : [Gramophone Record]
_banalog, 33 1/3 rpm
_c10 in (LP)
_fGramophone Records
500 _aBrief record.
505 _aNa aadmi na koi bharosa, kal ke sapne (न आदमी न कोई भरोसा) (कल के सपने) पार्ट. 2
650 _2Classical music
_xExcerpts
_zIndia
_919370
700 _919371
_aNaushad
700 _919372
_aShakeel badayuni
942 _2ddc
_cGR
999 _c45127
_d45127